000 00814nam a2200253Ia 4500
003 OSt
005 20221005080924.0
006 a|||||r|||| 00| 0
007 ta
008 221004b |||||||| |||| 00| 0 eng d
020 _a8182741580 (hbk)
_c595
024 _a86589
037 _b473, 29/03/2007, Bright Book Service
_cTextual
040 _aCRL
_cCRL
_beng
041 _2eng
_aeng
082 _aV44Q7.P1, P7
100 _aHassan Abbas
_9610714
245 0 _aPakistan's drift into extremism
_b allah the army, and America's war on terror Foreword by Jessica Stern
260 _aNew Delhi
_bPentagon Press
_c2007
300 _axvii, 275p.
_ccm.
650 _aHISTORY
942 _hV44Q7.P1, P7
_cTEXL
_2cc
999 _c986927
_d986927